|
|
|
|
| LEADER |
00000cam a2200000 a 4500 |
| 001 |
vtls001123299 |
| 003 |
SK-MaSNL |
| 005 |
20260301111616.0 |
| 008 |
240314s1984 xo da f n 00000 cze |
| 015 |
|
|
|a SNBA1984/12
|
| 035 |
|
|
|a SNK000066142
|
| 040 |
|
|
|a SNK
|b slo
|c SNK
|e AACR2
|
| 041 |
0 |
|
|a cze
|
| 044 |
|
|
|a xo
|c SK
|
| 080 |
|
|
|a 676.017.2(048)
|2 1981
|
| 100 |
1 |
|
|a Skalický, Č.
|4 aut
|9 451105
|
| 245 |
1 |
0 |
|a Štruktúra papiera
|b odborná štúdia. Č. 1/1984
|c Č. Skalický
|
| 250 |
|
|
|a 1. vyd.
|
| 260 |
|
|
|a Bratislava
|b Výsk. ústav papiera a celulózy
|c 1984
|
| 300 |
|
|
|a 71 s.
|b grafy, sch., tab.
|c 29 cm
|
| 504 |
|
|
|a Bibliogr. odkazy
|
| 546 |
|
|
|a Čiast. text čes.
|
| 650 |
0 |
7 |
|a papier
|2 SNKPH
|9 19457
|
| 655 |
|
7 |
|a štúdie
|2 SNKPH
|9 57033
|
| 958 |
|
|
|a OND
|
| 958 |
|
|
|a CZ
|
| 958 |
|
|
|a RM
|
| 958 |
|
|
|a NB
|
| 999 |
|
|
|c 707656
|d 709586
|
| 952 |
|
|
|a SNK
|b SNK
|y PREZ
|7 0
|p 17A0791228
|o snkSB 38189
|i snkKSP 9350/84
|0 0
|1 0
|4 0
|d 2014-12-11
|l 0
|r 2025-04-22 00:00:00
|w 2026-02-23
|